000 00353nam a2200157Ia 4500
008 221030s9999 xx 000 0 und d
020 _a8176486353
041 _aEnglish
082 _a105.23
_bRed
100 _aR. J. Reddy
245 0 _aManagement Process
260 _bAPH Pub
_aNew Delhi
_c2004
300 _a122
650 _aManagement
942 _cBK
999 _c386
_d386